000 00601nam a2200193 a 4500
001 000009803
005 20240412074213.0
008 091001s1989 dr a r 000 p spa d
040 _aDO-SdBNP
_bspa
_cBNPHU
082 _aRD861.44
_bC719n
100 1 _aColón Castillo, Juan
_924707
245 1 0 _aNo puedo callarme /
_cJuan Colón Castillo.
260 _aSanto Domingo :
_bSharp Padilla,
_c1989.
300 _a[102 p.] :
_bil. ;
_c21 cm.
590 _aInventariado, 2018/BT
650 0 _aPoesía dominicana
_966
650 0 _aLiteratura dominicana.
_967
910 _aValidado. Control de calidad. MMOLINA
999 _c9562
_d9562